Diálogos sobre poesía y literatura / (Record no. 9991)
[ view plain ]
| 000 -CABECERA | |
|---|---|
| campo de control de longitud fija | 00845cam a2200241 a 4500 |
| 001 - NÚMERO DE CONTROL | |
| campo de control | 000010232 |
| 005 - FECHA Y HORA DE LA ÚLTIMA TRANSACCIÓN | |
| campo de control | 20200929162217.0 |
| 008 - DATOS DE LONGITUD FIJA--INFORMACIÓN GENERAL | |
| campo de control de longitud fija | 820928s1972 ve 000 0 spa |
| 035 ## - NÚMERO DE CONTROL DEL SISTEMA | |
| Número de control de sistema | (DLC) 82213321 |
| 040 ## - FUENTE DE LA CATALOGACIÓN | |
| Centro catalogador/agencia de origen | DO-SdBNP |
| Centro/agencia transcriptor | DLC |
| Centro/agencia modificador | DLC |
| -- | BNPHU |
| 082 ## - NÚMERO DE LA CLASIFICACIÓN DECIMAL DEWEY | |
| Número de clasificación | V861.44 |
| Número de documento/Ítem | R741d |
| 049 ## - FONDOS LOCALES (OCLC) | |
| Fondos de biblioteca | BNGR |
| 100 1# - ENTRADA PRINCIPAL--NOMBRE DE PERSONA | |
| Nombre de persona | Rojas Guardia, Pablo, |
| Fechas asociadas al nombre | 1909-1978. |
| 9 (RLIN) | 20730 |
| 245 10 - MENCIÓN DE TÍTULO | |
| Título | Diálogos sobre poesía y literatura / |
| Mención de responsabilidad, etc. | Pablo Rojas Guardia. |
| 260 ## - PUBLICACIÓN, DISTRIBUCIÓN, ETC. | |
| Lugar de publicación, distribución, etc. | Caracas : |
| Nombre del editor, distribuidor, etc. | Monte Ávila, |
| Fecha de publicación, distribución, etc. | c1972. |
| 300 ## - DESCRIPCIÓN FÍSICA | |
| Extensión | 138 p. ; |
| Dimensiones | 16 cm. |
| 490 1# - MENCIÓN DE SERIE | |
| Mención de serie | Biblioteca Popular eldorado |
| Designación de volumen o secuencia | 51 |
| 650 #4 - PUNTO DE ACCESO ADICIONAL DE MATERIA--TÉRMINO DE MATERIA | |
| Término de materia o nombre geográfico como elemento de entrada | Poesía venezolana |
| Subdivisión general | Historia y crítica |
| 9 (RLIN) | 8721 |
| 650 #4 - PUNTO DE ACCESO ADICIONAL DE MATERIA--TÉRMINO DE MATERIA | |
| Término de materia o nombre geográfico como elemento de entrada | Poetas venezolanos |
| Subdivisión general | Crítica e interpretación |
| 9 (RLIN) | 25238 |
| 650 #4 - PUNTO DE ACCESO ADICIONAL DE MATERIA--TÉRMINO DE MATERIA | |
| Término de materia o nombre geográfico como elemento de entrada | Literatura venezolana |
| Subdivisión general | Historia y crítica |
| 9 (RLIN) | 8073 |
| 830 #0 - PUNTO DE ACCESO ADICIONAL DE SERIE-TÍTULO UNIFORME | |
| Título uniforme | Biblioteca Popular eldorado ; |
| Designación de volumen o secuencia | 51 |
| 9 (RLIN) | 16894 |
| 910 ## - DATOS DE OPCIÓN DEL USUARIO (OCLC) | |
| Datos de opción del usuario | Catalogación por copia / LC |
| Estado de retiro | Estado de pérdida | Restricciones de uso | No para préstamo | Código de colección | Localización permanente | Ubicación/localización actual | Ubicación en estantería | Fecha de adquisición | Número de inventario | Total de préstamos | Signatura topográfica completa | Código de barras | Fecha visto por última vez | Precio válido a partir de | Tipo de ítem Koha | Número de copia |
|---|---|---|---|---|---|---|---|---|---|---|---|---|---|---|---|---|
| Préstamo interno | Monografías: Libros y Folletos | General | General | En catalogación | 05.10.2009 | LF1 | V861.44 R741d | 10232-10 | 25.06.2020 | 25.06.2020 | Préstamo interno | |||||
| Préstamo restringido | Préstamo restrigido | Monografías: Libros y Folletos | General | General | En catalogación | 05.10.2009 | LF1 | V861.44 R741d | 10232-20 | 25.06.2020 | 25.06.2020 | Préstamo interno | e.2 |
